banner koha

1. Congresso Brasileiro sobre Florestas Energéticas; programa e resumos (Registro n. 298012)

MARC details
000 -LÍDER
campo de controle de tamanho fixo 01044nac a22003497a 4500
001 - NÚMERO DE CONTROLE
campo de controle BR2015004909
003 - IDENTIFICADOR DO NÚMERO DE CONTROLE
campo de controle BR-BrBNA
005 - DATA E HORÁRIO DA ÚLTIMA TRANSAÇÃO
campo de controle 20240105124023.0
008 - CAMPO DE DADOS FIXOS--INFORMAÇÃO GERAL
campo de controle de tamanho fixo 230509b bl.|||m| |||| 00| 0 por d
040 ## - FONTE DA CATALOGAÇÃO
Instituição da catalogação original BR-BrBNA
Idioma da catalogação por
Instituição que transcreveu o registro Biblioteca Nacional de Agricultura
072 ## - CÓDIGO DE CATEGORIA DE ASSUNTO
Código de Categoria de Assunto P06; P07
090 ## - NÚMERO DE CHAMADA LOCAL
Número de chamada 8907 BR2015004909
100 1# - ENTRADA PRINCIPAL--NOME PESSOAL
Nome pessoal Bellote, A.F.J.
100 1# - ENTRADA PRINCIPAL--NOME PESSOAL
Nome pessoal Pinto Júnio, J.E.
100 1# - ENTRADA PRINCIPAL--NOME PESSOAL
Nome pessoal Santos, P.E.T. dos
100 1# - ENTRADA PRINCIPAL--NOME PESSOAL
Nome pessoal Brito, J.O.
100 1# - ENTRADA PRINCIPAL--NOME PESSOAL
Nome pessoal Couri, S.
100 1# - ENTRADA PRINCIPAL--NOME PESSOAL
Nome pessoal Buschinelli, C.C. de A.
110 1# - ENTRADA PRINCIPAL--NOME CORPORATIVO
Nome corporativo ou nome da jurisdição Embrapa Florestas, Colombo, PR (Brasil)
245 1# - TÍTULO
Título 1. Congresso Brasileiro sobre Florestas Energéticas; programa e resumos
260 3# - PUBLICAÇÃO, DISTRIBUIÇÃO, ETC.
Local de publicação, distribuição, etc. Colombo, PR (Brasil):
Data da publicação, distribuição, etc. 2009.
300 ## - DESCRIÇÃO FÍSICA
Extensão 170 p.
490 ## - TÍTULO DA SÉRIE
Título da série Documentos - EMBRAPA Floresta(Brazil)
Número do volume ou designação sequencial da série no. 177
ISSN - International Standard Serial Number ISSN 1517-526X
650 ## - ASSUNTO--TERMO TÓPICO
Cabeçalho tópico ou nome geográfico BIOMASSA
650 ## - ASSUNTO--TERMO TÓPICO
Cabeçalho tópico ou nome geográfico ENERGIA
650 ## - ASSUNTO--TERMO TÓPICO
Cabeçalho tópico ou nome geográfico RECURSO ENERGÉTICO
650 ## - ASSUNTO--TERMO TÓPICO
Cabeçalho tópico ou nome geográfico MADEIRA
650 ## - ASSUNTO--TERMO TÓPICO
Cabeçalho tópico ou nome geográfico BIOENERGIA
650 ## - ASSUNTO--TERMO TÓPICO
Cabeçalho tópico ou nome geográfico SILVICULTURA
909 ## -
-- 202312
-- Lúcia Elande
-- 55
-- Lúcia Elande
942 ## - ELEMENTOS DE ENTRADA ADICIONADOS (KOHA)
Fonte da classificação ou esquema de arquivamento na estante Classificação AGRIS
Ocultar no OPAC Não
Tipo de material Koha Monografia Seriada
Exemplares
Situação do descarte Fonte da classificação ou esquema de arquivamento na estante Situação física Não pode ser emprestado Coleção Biblioteca de origem Biblioteca atual Localização na estante Total de empréstimos Número de telefone completo Código de barras Data de último acesso Tipo de material Koha Fonte de aquisição
  Classificação AGRIS       Biblioteca Nacional de Agricultura - Binagri Biblioteca Nacional de Agricultura - Binagri Agrobase - Acervo Geral   8907 BR2015004909 8907 BR2015004909 18/12/2023 Monografia Seriada Portaria Interministerial nº 164/94

BINAGRI

Telefone: (61)3218-2567/2388/3357/2097 - binagri@agro.gov.br

Ministério da Agricultura e Pecuária , Esplanada dos Ministérios, Bloco D, Anexo B, Brasília/DF, CEP: 70.043-900